Paroles - Comme toi Tayc - Statistiques

Statistiques générales
  • Ce quiz a été pris 352 fois
  • Le résultat moyen est 163 sur 199
Statistiques - réponses
Réponse % Correct
e
96%
toi
96%
comme
95%
elle
95%
Elle
95%
a
94%
à
94%
ne
94%
ma
92%
m'a
92%
pas
92%
de
90%
mais
90%
me
89%
tu
89%
Tu
89%
ça
88%
n'est
88%
fait
87%
je
87%
que
87%
rien
87%
avant
86%
Avec
86%
avec
86%
86%
la
86%
faire
85%
touche
85%
est
83%
bien
82%
des
82%
c'est
81%
sait
81%
car
80%
Car
80%
mois
80%
suis
79%
autre
78%
faut
78%
les
78%
lifes
78%
nos
78%
qu'on
78%
tranquille
78%
une
78%
voulais
78%
On
77%
refait
77%
vie
77%
femme
76%
laisse
76%
tomber
76%
j'ai
75%
j'me
75%
reste
75%
Tayc
75%
compare
74%
dit
74%
mis
74%
nouvelle
74%
sentiments
74%
sont
74%
beaucoup
73%
non
73%
trop
73%
perdu
72%
t'avais
70%
c'que
67%
décision
67%
d'time
67%
Si
67%
j'pensais
66%
prends
66%
qu'je
65%
tout
65%
aucune
64%
pour
64%
as
63%
faute
63%
barré
62%
rentrer
61%
du
60%
chaud
59%
l'temps
59%
plaît
59%
veut
59%
m'as
58%
s'te
56%
Oh
51%
sale
50%
d'ta
47%
j'donnerais
47%
n'fait
40%
Aucun quiz correspondant
Distribution des résultats
% des personnes avec chaque résultat
Percentile par nombre de réponses
Votre historique - résultats
Vous n’avez pas pris ce quiz